| 000 | 01021nam a2200229Ia 4500 | ||
|---|---|---|---|
| 001 | L400-57828 | ||
| 003 | IT-CnALBA | ||
| 008 | 170116s9999||||xx |||||||||||||| ||und|| | ||
| 040 |
_aIT-CnALBA _cIT-CnALBA |
||
| 041 | _aTEDESCA | ||
| 100 | _aSENZA AUTORE | ||
| 245 | 0 | _aFREIBURGER ZEITSCHRIFT FUR PHILOSOPHIE UND THEOLOGIE. | |
| 250 | _a1a ed. | ||
| 260 |
_a SCHWEIZ _bPAULUSVERLAG FREIBURG _c1960 [1° Ed.:1960 - Ed.Ling.Originale: 1956] |
||
| 300 | _a120 p. | ||
| 500 | _aRIVISTA DI FRIBURGO PER LA FILOSOFIA E LA TEOLOGIA. FILOSOFIA SOCIALE. POLITICA SOCIALE. POLITICA ECONOMICA. LIBERALISMO. MATERIALISMO DIALETTICO. DISCUSSIONI. | ||
| 501 | _aSocietà San Paolo EM - Piazza San Paolo, 14 - 12051 ALBA (CN) (non commercial uses only) ® Copyright 2017 | ||
| 520 | _aRIVISTA DI FRIBURGO PER LA FILOSOFIA E LA TEOLOGIA. FILOSOFIA SOCIALE. POLITICA SOCIALE. POLITICA ECONOMICA. LIBERALISMO. MATERIALISMO DIALETTICO. DISCUSSIONI. | ||
| 650 | _aLINGUAGGIO IN GENERE | ||
| 942 | _cBK | ||
| 957 | _71 | ||
| 999 |
_a75328 _bNO _g Copie: 1 _c316660 _d316660 |
||